000 00414nam a2200181Ia 4500
001 10943
005 20260306161909.0
008 260306t1984||||xx |||||||||||||| ||spa||
041 _aESP
082 _a983
_bS72
100 _aSoublette, Gastón
_eAUT
245 0 _aLa estrella de Chile
260 _c1984
300 _a124 páginas :
_c18 cm.
650 _aGEN
654 _aCHU
942 _cLIB
_dJUS
_fJUS
_2ddc
_n
999 _c10943
_d10943